000
00203 a2200097 4500
001
32574
100
_a
Bertrand, J
245
_a
Born To Win
260
_a
London
_b
Bantam Books
_c
090
_c
21790
_d
21790
942
_a
NUST-CAE
_c
M
_c
13103
999
_c
267647
_d
267647